GÁll Ernő 75 éves
Elmentve itt :
| Szerző: | |
|---|---|
| Adatforrás: | Meister |
| Forrásdokumentuma: | Helikon. - 7 sz., 1992, 9 p. |
| Nyelv: | magyar |
| Kulcsszavak: | évforduló GÁLL Ernő |
| LEADER | 00342nab a2200133 i 4500 | ||
|---|---|---|---|
| 001 | bibPRO00009421 | ||
| 008 | 060524s1992 xx hun | ||
| 040 | |a Sz1 | ||
| 041 | |a hun | ||
| 100 | 1 | |a LÁSZLÓFFY Aladár | |
| 245 | 1 | 0 | |a GÁll Ernő 75 éves |c LÁSZLÓFFY Aladár |
| 695 | |a évforduló | ||
| 695 | |a GÁLL Ernő | ||
| 773 | 0 | |t Helikon. - |g 7 sz., 1992, 9 p. | |